| 000 | 00726nam a2200241 a 4500 | ||
|---|---|---|---|
| 001 | 42878 | ||
| 003 | BD-RjUL | ||
| 005 | 20211209053616.0 | ||
| 008 | 160616s1968 enka 001 0 eng | ||
| 020 | _a029776327X | ||
| 035 | _a(BD-RjUL)42996 | ||
| 040 |
_aDLC _cDLC _dm.c. _dRCD _dBD-RjUL _beng |
||
| 041 | _aeng | ||
| 082 |
_223 _a330.018 _bSIE 1968 |
||
| 100 | 1 |
_aSimkin, C. G. F. _9131702 |
|
| 245 | 1 | 0 |
_aEconomics at large : _ban advanced textbook on macro-economics / _cC. G. F. Simkin. |
| 260 |
_aLondon : _bWeidenfeld & Nicolson, _cc1968. |
||
| 300 |
_axii, 211 p. _bill. ; _c23 cm. |
||
| 504 | _aIncludes index. | ||
| 650 | 0 |
_aEconomics, Mathematical. _9131703 |
|
| 650 | 0 |
_aMacroeconomics. _9118064 |
|
| 942 |
_2ddc _cBK |
||
| 999 |
_c42878 _d42878 |
||